000 01063nam a22002657a 4500
005 20240530110542.0
008 160515s2014 ku a g b 000 0 ara d
017 _a2013/9/3249
_bالكويت . دائرة المكتبة الوطنية
020 _a9789957172145
040 _aEG-CaGPL
082 0 4 _221
_a371.1022\
_bأ أ
100 0 _aاحمد البستان .
245 1 2 _aالاتصال التربوى و التعليمى /
_cتاليف احمد البستان ( واخ ... ) .
250 _aط.1
260 _aالكويت :
_bمكتبة الفلاح للنشر و التوزيع ،
_c2014 .
300 _a183 ص ؛
_c24 سم .
504 _aببليوجرافية : ص 177 - 183
650 0 4 _aالارتباط ( تعليم ) .
650 0 4 _aالاتصال التربوى .
700 0 _aنجوى حسين خليل
_eمؤلف مشارك .
700 0 _aاحمد سلامة العنزى
_eمؤلف مشارك .
700 0 _aرجا الكردى
_eمؤلف مشارك .
942 _2ddc
_cBK
999 _c62283
_d62283